Manuel Murillo Toro (Registro nro. 15944)
[ vista simple ]
| 000 -ENCABEZADO | |
|---|---|
| Número de control [NR] | 00915nam a2200241Ia 4500 |
| 005 - FECHA Y HORA DE LA ÚLTIMA TRANSACCIÓN | |
| control field | 20211108101745.0 |
| 008 - DE LONGITUD FIJA DE DATOS DE ELEMENTOS - INFORMACIÓN GENERAL | |
| Elementos de longitud fija [NR] | 130821s1978 ck gr dspa |
| 040 ## - FUENTE DE CATALOGACION [NR] | |
| Agencia de catalogación original [NR] | Co-BoUCM |
| Idioma de catalogación [NR] | spa |
| Quien Cataloga | David Avila (modificó) |
| Quien Clasifica | [Nuevo] |
| 041 ## - CODIGO DE IDIOMA [R] | |
| Código de idioma para texto/pista de sonido o título separado [R] | Español |
| 100 ## - ASIENTO PRINCIPAL--NOMBRE PERSONAL [NR] | |
| Nombre personal [NR] | Bateman Duran, Alfredo |
| ID Autoridad | 71948 |
| 245 ## - MENCION DE TITULO [NR] | |
| Título [NR] | Manuel Murillo Toro |
| Mención de responsabilidad, etc. [NR] | Alfredo, Bateman Duran |
| 260 ## - PUBLICACION, DISTRIBUCION, ETC. (PIE DE IMPRENTA) [R] | |
| Lugar de publicación, distribución, etc. [R] | Bogotá (Colombia) |
| Nombre del editor, distribuidor, etc. [R] | Academia Colombiana de Historia |
| Fecha de publicación, distribución, etc. [R] | 1978 |
| 300 ## - DESCRIPCION FISICA [R] | |
| Extensión [R] | 188 páginas |
| 490 ## - MENCION DE SERIE [R] | |
| Mención de serie [R] | Academia Colombiana de Historia |
| Designación numérica/secuencial del volumen [NR] | 31 |
| 504 ## - NOTA DE BIBLIOGRAFIA, ETC. [R] | |
| Nota de bibliografía, etc. [NR] | Incluye referencias bibliográficas |
| 600 ## - ASIENTO SECUNDARIO DE MATERIA - NOMBRE PERSONAL [R] | |
| Nombre personal [NR] | Murillo Toro, Manuel |
| Fechas asociadas con el nombre [NR] | 1816-1880 |
| Subdivisión de forma [R] | Biografías |
| 9 (RLIN) | 71949 |
| 650 04 - ASIENTO SECUNDARIO DE MATERIA - TERMINO TEMATICO [R] | |
| Término temático o nombre geográfico como elemento de entrada [NR] | Presidentes |
| Subdivisión geográfica [R] | Colombia |
| Subdivisión de forma [R] | Biografías |
| 9 (RLIN) | 71925 |
| 651 ## - ASIENTO SECUNDARIO DE MATERIA - NOMBRE GEOGRAFICO [R] | |
| Nombre geográfico [NR] | Colombia |
| Subdivisión general [R] | Política y gobierno |
| 9 (RLIN) | 26608 |
| 690 ## - ASUNTO AGREGADO LOCAL DE ENTRADA - TÉRMINO TEMÁTICO (OCLC, RLIN) | |
| Acceso temático local | Historia de Colombia |
| 9 (RLIN) | 26508 |
| 830 ## - ASIENTO SECUNDARIO DE SERIE--TITULO UNIFORME [R] | |
| Título uniforme [NR] | Academia Colombiana de Historia |
| Número de la parte o sección de una obra [R] | 31 |
| 9 (RLIN) | 71950 |
| 942 ## - ELEMENTOS DE ENTRADA AGREGADOS (KOHA) | |
| Tipo de ítem principal el descrito en 300a | Libro |
| Tema principal | Biografías |
| Edición | 1 |
| Parte restante de la signatura top. | M87 |
| Título oculto en OPAC | No |
| Sistema de clasificación | DEWEY |
| Clasificación | 923.1 |
| Fecha de último préstamo | Total préstamos | Total Renewals | Signatura topográfica | Código de barras | Última vez visto | Ejemplar | Price effective from | Tipo de ítem | Perdido | Sistema de clasificación | Dañado | No prestable | Tipo de ítem específico | Suprimido | Ubicación habitual | Ubicación actual | Localización | Fecha de creación | Forma de adquisición | Costo | Costo de reposición | Proveedor |
|---|---|---|---|---|---|---|---|---|---|---|---|---|---|---|---|---|---|---|---|---|---|---|
| 26/08/2013 | 7 | 3 | 923.1 M87 | 100015340 | 09/07/2015 | Ej.2 | 03/02/2013 | Libro | DEWEY | Libro | Bodega | Bodega | Préstamo 4 días después de solicitado | 28/02/2003 | Compra | 1000.00 | ||||||
| 923.1 M87 | 100147636 | 09/12/2025 | Ej.1 | 17/09/2015 | Libro | DEWEY | Libro | Claustro | Claustro | 2do piso | 17/09/2015 | Donación | 0.00 | 26000.00 | 12 |